000
00271nam a22000977a 4500
008
231013b |||||||| |||| 00| 0 eng d
020
_a
9789391165574
100
_a
Dutt Barkha
_9
7720
245
_a
Humans of Covid To Hell and Back
260
_a
New Delhi
_b
Juggernaut Books
_c
2022
999
_c
12454
_d
12454